00665nam a2200181 i 4500001000400000100002000004245009500024260004200119300002100161650005200182650003900234650004000273020001500313040000800328041000800336008004100344856009800385bgj1 aEVANS, Virginia10aCPE Use of English :bfor the revised Cambridge Proficiency Examination /cVirginia Evans. aNewbury :bExpress Publishing,c2002. a352 pp ;c28 cm. 9aEnglish languagexExaminations, questions, etc. 9aEnglish languagexAssessment tests 9aEnglish languagexProficiency tests a1843253666 cBPK0 aeng s uk f |000 0 eng  uhttp://koha.tu.koszalin.pl/cgi-bin/koha/opac-detail.pl?biblionumber=48730yKatalog online BPK